Statistics for Batman villain quiz

Click here to take the quiz!

General Stats

  • This quiz has been taken 32 times
  • The average score is 19 of 25

Answer Stats

HintAnswer% Correct
clown prince of crimejoker
100%
loves questions and riddlesriddler
100%
sidekick or the clown prince of crimeharley quinn
97%
is a rich midgitpenguin
97%
His wife is in a coma so he frooze hermr freeze
93%
loves and controls plantspoison ivy
93%
uses venom to make him strongerbane
90%
is made out of clayclayface
90%
a big scary crocodilekiller croc
90%
harvey denttwo face
90%
batmans sometimes love intrestcatwoman
86%
jason todd after he was revivedred hood
86%
leader of the league of asasinsras al ghul
83%
uses fear gasscare crow
83%
loves alice in the wonder landmad hatter
79%
master marksmandead shot
76%
master asasindeath stroke
72%
opisite of batmanman bat
66%
daughter of the league of asasins leadertalia al ghul
62%
arsonistfire fly
59%
mob boss with a black maskblack mask
55%
a puppet mob bossscarface
48%
found out batmans secret identityhugo strange
45%
cuts himself every timee he kills someonezsasz
45%
the richest people in gothamcourt of owls
38%

Score Distribution

Percentile by Number Answered

Percent of People with Each Score

Your Score History

You have not taken this quiz